[Event "AUTO-MASTER-1632"]
[Site "http://www.queenalice.com/game.php?id=1050452"]
[Date "2012.4.19"]
[Round "1"]
[White "Navi"]
[Black "wesoon77"]
[Result "0-1"]
[WhiteElo "2088"]
[BlackElo "2102"]

1. e4 c5 2. Nf3 Nc6 3. Nc3 g6 4. b3 Bg7 5. Bb2 Nf6 6. Bb5 Nd4 7. Bd3 O-O 8. Nxd4
cxd4 9. Ne2 e5 10. c3 dxc3 11. dxc3 d5 12. exd5 Nxd5 13. O-O Bg4 14. h3 Be6 15.
Qe1 Qb6 16. Bc2 Rad8 17. Rd1 Ne7 18. Rxd8 Rxd8 19. c4 Nc6 20. Bc3 a5 21. a4 Qc5
22. Kh1 b6 23. Bd2 Qd6 24. Bc3 Nd4 25. Qd1 Qc6 26. f3 Qc7 27. Nxd4 exd4 28. Be1
d3 29. Bb1 Qd7 30. Bd2 Bxh3 31. Re1 Bf5 32. g4 Be6 33. Re3 Qe7 34. Rxd3 Qh4+ 35.
Kg2 Rxd3 36. Bxd3 Be5 37. Qh1 Qg3+ 38. Kf1 Bxg4 39. Be4 Bh3+ 40. Ke2 Bd4 41. Be1
Qg2+ 42. Qxg2 Bxg2 43. Bd2 Kf8 44. Kd3 Bc5 45. Bh6+ Ke7 46. Bd5 Kf6 0-1

[Event "AUTO-MASTER-1632"]
[Site "http://www.queenalice.com/game.php?id=1050453"]
[Date "2012.4.19"]
[Round "1"]
[White "wesoon77"]
[Black "sampaio2011"]
[Result "1-0"]
[WhiteElo "2077"]
[BlackElo "1963"]

1. d4 d5 2. c4 e6 3. Nc3 Nf6 4. cxd5 exd5 5. Bg5 Be7 6. e3 Bf5 7. Qb3 O-O 8.
Bxf6 Bxf6 9. Nxd5 Nd7 10. Bc4 Nb6 11. Nxb6 axb6 12. Ne2 Bh4 13. O-O Qg5 14. Ng3
Bxg3 15. hxg3 h5 16. Bd5 c6 17. Bf3 b5 18. d5 cxd5 19. Qxd5 Rad8 20. Qxb5 Qf6
21. Rfd1 h4 22. gxh4 Be6 23. h5 Rc8 24. Rd4 Rc2 25. a3 Rfc8 26. Rad1 R8c5 27.
Qxb7 Rg5 28. Qb8+ Rc8 29. Qf4 Qh6 30. Rd8+ Rxd8 31. Rxd8+ Kh7 32. Qb8 1-0

[Event "AUTO-MASTER-1632"]
[Site "http://www.queenalice.com/game.php?id=1050454"]
[Date "2012.4.19"]
[Round "1"]
[White "sampaio2011"]
[Black "wesoon77"]
[Result "0-1"]
[WhiteElo "1975"]
[BlackElo "2065"]

1. d4 d5 2. Nf3 Nf6 3. Bg5 Nbd7 4. e3 c6 5. Bd3 e6 6. Ne5 h6 7. Bh4 g5 8. Bg3
Qb6 9. Nd2 Qxb2 10. O-O Qa3 11. Qe2 Bg7 12. h4 c5 13. Qf3 c4 14. Be2 Nxe5 15.
Bxe5 Qe7 16. e4 O-O 17. exd5 exd5 18. hxg5 hxg5 19. c3 Be6 20. Rab1 b6 21. Qg3
Ne8 22. Nf3 f6 23. Nxg5 fxg5 24. f4 Bxe5 25. fxe5 Ng7 0-1

[Event "AUTO-MASTER-1698"]
[Site "http://www.queenalice.com/game.php?id=1085032"]
[Date "2012.7.20"]
[Round "1"]
[White "wesoon77"]
[Black "musampa"]
[Result "0-1"]
[WhiteElo "2108"]
[BlackElo "1956"]

1. d4 d5 2. c4 e6 3. Nc3 Nf6 4. cxd5 exd5 5. Bg5 Be7 6. e3 h6 7. Bh4 O-O 8. Bd3
g5 9. Bg3 Bg4 10. Nge2 a6 11. Qc2 Bd6 0-1

[Event "AUTO-MASTER-1698"]
[Site "http://www.queenalice.com/game.php?id=1085049"]
[Date "2012.7.20"]
[Round "1"]
[White "wesoon77"]
[Black "daniloartigas"]
[Result "1-0"]
[WhiteElo "2118"]
[BlackElo "1941"]

1. d4 Nf6 2. c4 e6 3. Nc3 c5 4. d5 exd5 5. cxd5 d6 6. e4 g6 7. h3 Bg7 8. Nf3
Nbd7 9. Bd3 O-O 10. Bf4 Qe7 11. O-O a6 12. a4 b6 13. Re1 Re8 14. Qb3 Rb8 15. e5
dxe5 16. Bxe5 Nxe5 17. Rxe5 Qc7 18. Rae1 Rxe5 19. Nxe5 Bb7 20. d6 Qxd6 21. Qxf7+
Kh8 22. Bc4 Nd5 23. Bxd5 Bxe5 24. Bxb7 Rf8 25. Qd5 Bh2+ 26. Kf1 Qf4 27. Qf3 Qc4+
28. Qe2 Qf4 29. Bf3 Rd8 30. g3 Bxg3 31. fxg3 Qxg3 32. Qe5+ 1-0

[Event "AUTO-MASTER-1698"]
[Site "http://www.queenalice.com/game.php?id=1085050"]
[Date "2012.7.20"]
[Round "1"]
[White "daniloartigas"]
[Black "wesoon77"]
[Result "0-1"]
[WhiteElo "1843"]
[BlackElo "2075"]

1. Nf3 d5 2. b3 c5 3. Bb2 Nc6 4. e3 Bg4 5. Bb5 e6 6. O-O Qc7 7. d3 O-O-O 8. Bxc6
Qxc6 9. Nbd2 f6 10. c4 Kb8 11. cxd5 Qxd5 12. d4 cxd4 13. Bxd4 Bb4 14. h3 Bh5 15.
g4 Bg6 16. Rc1 Ne7 17. Nc4 h5 18. g5 e5 19. a3 exd4 20. axb4 dxe3 21. Nxe3 Qe6
22. Qe1 Qxh3 23. Nh2 Bd3 24. b5 Bxf1 25. Nhxf1 Rc8 26. Rd1 Rc5 27. Ng3 Rhc8 28.
Qd2 Qe6 29. g6 Nxg6 30. Nef5 Rxf5 31. Nxf5 Qxf5 32. Qd6+ Ka8 33. Ra1 Qxb5 0-1

[Event "AUTO-MASTER-1698"]
[Site "http://www.queenalice.com/game.php?id=1085051"]
[Date "2012.7.20"]
[Round "1"]
[White "wesoon77"]
[Black "KLEOJ"]
[Result "1-0"]
[WhiteElo "2092"]
[BlackElo "2072"]

1. d4 Nf6 2. c4 e6 3. Nc3 Bb4 4. Qc2 O-O 5. Nf3 d5 6. e3 c5 7. cxd5 exd5 8. Bd3
cxd4 9. Nxd4 Nc6 10. Nxc6 bxc6 11. O-O Bd6 12. e4 Ng4 13. h3 Bh2+ 14. Kh1 Bc7
15. exd5 Qd6 16. f4 Nf6 17. dxc6 Qxc6 18. Ne4 Qxc2 19. Nxf6+ gxf6 20. Bxc2 Ba6
21. Rd1 Rfe8 22. Bb3 Re2 23. Rd7 Re1+ 24. Kh2 Bxf4+ 25. Bxf4 Rxa1 26. Rxf7 Kh8
27. Bh6 Rg8 28. Rxa7 Bd3 29. Bg7+ 1-0

[Event "AUTO-MASTER-1698"]
[Site "http://www.queenalice.com/game.php?id=1085052"]
[Date "2012.7.20"]
[Round "1"]
[White "KLEOJ"]
[Black "wesoon77"]
[Result "0-1"]
[WhiteElo "2119"]
[BlackElo "2074"]

1. d4 d5 2. Nf3 Nf6 3. Bf4 Bg4 4. e3 e6 5. Bd3 Bd6 6. Bg5 Nbd7 7. Nbd2 c6 8. h3
Bh5 9. c3 O-O 10. Qc2 Qc7 11. O-O Rfe8 12. e4 dxe4 13. Nxe4 Nxe4 14. Bxe4 f5 15.
Bd3 Bxf3 16. gxf3 h6 17. Be3 Nf6 18. Kh1 Qf7 19. Rg1 Qh5 20. Rxg7+ Kxg7 21. Rg1+
Kf7 22. Bf1 Rg8 23. Qe2 Rxg1+ 24. Kxg1 Rg8+ 25. Kh1 Qg6 0-1

[Event "AUTO-ADV-2455"]
[Site "http://www.queenalice.com/game.php?id=1098288"]
[Date "2012.8.31"]
[Round "2"]
[White "Flamengo_Brasil"]
[Black "wesoon77"]
[Result "1-0"]
[WhiteElo "2233"]
[BlackElo "2117"]

1. e4 c5 2. Nf3 Nc6 3. Bb5 Na5 4. Nc3 a6 5. Bd3 g6 6. O-O Bg7 7. Be2 Nc6 8. d3
e6 9. Be3 d6 10. d4 cxd4 11. Nxd4 Nge7 12. Qd2 O-O 13. Nxc6 bxc6 14. Rfd1 d5 15.
Rab1 Qc7 16. Bh6 Bb7 17. Bxg7 Kxg7 18. Bd3 d4 19. Na4 c5 20. b4 c4 21. Be2 e5
22. Nc5 c3 23. Qd3 Bc8 24. Qc4 1-0